100 Biggest Cities in 2075 - Statistics

General Stats
  • This quiz has been taken 56 times
  • The average score is 57 of 100
Answer Stats
Pop. City % Correct
49.3 mi Delhi
94%
24.2 mi Mexico City
94%
28.9 mi Tokyo
94%
57.9 mi Mumbai
92%
27.9 mi New York City
92%
11.6 mi Paris
92%
10.1 mi London
90%
15.8 mi Beijing
88%
33.0 mi Cairo
88%
18.5 mi Los Angeles
88%
21.1 mi Shanghai
88%
13.4 mi Chicago
86%
57.2 mi Lagos
86%
9.5 mi Moscow
86%
16.6 mi Rio de Janeiro
86%
10.4 mi Tehran
86%
21.3 mi São Paulo
84%
12.8 mi Guangzhou
82%
17.5 mi Jakarta
82%
12.5 mi Bangkok
80%
16.4 mi Buenos Aires
80%
10.4 mi Hong Kong
80%
43.4 mi Karachi
80%
14.7 mi Istanbul
78%
58.4 mi Kinshasa
78%
12.4 mi Lima
78%
32.7 mi Manila
78%
9.0 mi Osaka
78%
7.7 mi Seoul
78%
22.2 mi Chennai
76%
46.2 mi Dhaka
76%
11.9 mi Bogota
73%
45.1 mi Kolkata
73%
7.0 mi Santiago
73%
28.4 mi Nairobi
71%
23.7 mi Addis Ababa
69%
24.4 mi Baghdad
69%
23.9 mi Lahore
69%
10.0 mi Tianjin
69%
21.3 mi Bangalore
67%
14.6 mi Dakar
67%
8.5 mi Miami
67%
12.0 mi Alexandria
65%
7.3 mi Dallas
63%
30.7 mi Khartoum
63%
7.8 mi Toronto
63%
8.0 mi Accra
61%
15.5 mi Abidjan
59%
11.7 mi Abuja
59%
37.5 mi Dar Es Salaam
59%
19.9 mi Hyderabad
59%
19.6 mi Luanda
59%
9.0 mi Riyadh
59%
11.8 mi Hanoi
57%
15.9 mi Mogadishu
57%
10.1 mi Wuhan
57%
14.2 mi Ho Chi Minh city
55%
17.7 mi Kano
55%
17.0 mi Ahmedabad
53%
32.7 mi Kabul
53%
20.2 mi Kampala
53%
11.1 mi Shenzhen
53%
14.9 mi Pune
49%
9.0 mi Chongqing
47%
10.9 mi Maputo
47%
16.0 mi Chittagong
45%
20.4 mi Niamey
45%
16.7 mi Sana’a
45%
7.0 mi Atlanta
41%
9.8 mi Kigali
41%
8.6 mi Lucknow
41%
14.5 mi Lusaka
41%
9.4 mi Jaipur
39%
12.5 mi Surat
39%
13.5 mi Bamako
37%
8.3 mi Philadelphia
37%
14.8 mi Ibadan
35%
8.5 mi Mombasa
35%
14.5 mi N’djamena
35%
10.3 mi Yangon
35%
7.3 mi Lomé
33%
10.6 mi Conakry
31%
11.7 mi Ouagadougou
31%
12.4 mi Antananarivo
29%
7.1 mi Douala
27%
10.1 mi Kanpur
27%
9.6 mi Lubumbashi
27%
15.2 mi Lilongwe
24%
9.7 mi Faisalabad
22%
7.9 mi Nagpur
22%
8.9 mi Phnom Penh
22%
7.0 mi Rawalpindi
22%
7.4 mi Aleppo
18%
7.0 mi Patna
16%
9.3 mi Mbuji-Mayi
14%
7.1 mi Monrovia
10%
8.3 mi Kaduna
8%
9.0 mi Giza
4%
7.1 mi Al-Hudaydah
0%
15.1 mi Blantyere City
0%
No matching quizzes found
Score Distribution
Percent of People with Each Score
Percentile by Number Answered
Your Score History
You have not taken this quiz